[Event "CZE-chT 1819"]
[Site "Czech Republic"]
[Date "2019.02.10"]
[Round "8.3"]
[White "Miturova, Magdalena"]
[Black "Smid, Miroslav"]
[Result "1-0"]
[WhiteElo "2199"]
[BlackElo "2266"]
[PlyCount "75"]
[EventDate "2018.11.03"]
[EventType "team-tourn"]
[EventRounds "11"]
[EventCountry "CZE"]
[SourceTitle "CBM 188 Extra"]
[Source "ChessBase"]
[SourceDate "2019.02.26"]
[SourceVersion "1"]
[SourceVersionDate "2019.02.26"]
[SourceQuality "1"]
[WhiteTeam "Cesky Tesin Slavoj"]
[BlackTeam "Unichess"]
[WhiteTeamCountry "CZE"]
[BlackTeamCountry "CZE"]

1. e4 e5 2. Nf3 Nc6 3. Bb5 g6 4. c3 Nge7 5. 0-0 Bg7 6. d4 exd4 7. cxd4 d5 8. exd5 Nxd5 9. Re1+ Be6 10. Bg5 Qd6 11. Nbd2 0-0 12. Ne4 Qb4 13. Bxc6 bxc6 14. Qc1 Qb5 15. Nc5 Bf5 16. a4 Qb6 17. Ra3 a5 18. Rb3 Nb4 19. Bh6 Rad8 20. Bxg7 Kxg7 21. Qf4 Rfe8 22. Rc1 Rd6 23. Ne5 Red8 24. Nf3 Rf6 25. Qh4 h6 26. g4 g5 27. Qg3 Bc8 28. Qe5 Rd5 29. Qe8 Bxg4 30. Ne5 Rxd4 31. Rg3 Na2 32. Nxg4 Rxg4 33. Rxg4 Nxc1 34. Qe5 Ne2+ 35. Kh1 Nf4 36. Nd7 Qxf2 37. Qxf6+ Kg8 38. Qxc6 1-0

[Event "CZE-chT 1819"]
[Site "Czech Republic"]
[Date "2019.02.09"]
[Round "7.4"]
[White "Smid, Miroslav"]
[Black "Rabatin, Jakub"]
[Result "1-0"]
[WhiteElo "2266"]
[BlackElo "2300"]
[PlyCount "115"]
[EventDate "2018.11.03"]
[EventType "team-tourn"]
[EventRounds "11"]
[EventCountry "CZE"]
[SourceTitle "CBM 188 Extra"]
[Source "ChessBase"]
[SourceDate "2019.02.26"]
[SourceVersion "1"]
[SourceVersionDate "2019.02.26"]
[SourceQuality "1"]
[WhiteTeam "Unichess"]
[BlackTeam "Frydek Mistek"]
[WhiteTeamCountry "CZE"]
[BlackTeamCountry "CZE"]

1. c4 Nf6 2. g3 g6 3. Bg2 Bg7 4. Nc3 0-0 5. e4 d6 6. Nge2 c5 7. 0-0 Nc6 8. d3 Ne8 9. Be3 Nd4 10. Qd2 Nc7 11. Bh6 e5 12. Bxg7 Kxg7 13. Nxd4 cxd4 14. Ne2 a5 15. f4 f6 16. Rf2 Bd7 17. f5 g5 18. Bf3 Na6 19. h4 h6 20. Rh2 a4 21. Kg2 Qe7 22. Rah1 Rh8 23. Bh5 Nc5 24. Bg6 Bc6 25. hxg5 fxg5 26. Rf1 Nd7 27. g4 Nf6 28. Kf3 Be8 29. Bxe8 Nxe8 30. Ng3 Nf6 31. Rfh1 Ng8 32. Nh5+ Kf8 33. Kg3 Ke8 34. Qb4 Qc7 35. f6 Rh7 36. Ng7+ Kf7 37. Rf1 Ra6 38. Nh5 Kg6 39. Ng7 Kf7 40. Qd2 Qd7 41. Qg2 d5 42. cxd5 Rxf6 43. Ne6 Ke8 44. Rxf6 Nxf6 45. Qf1 Rf7 46. Rf2 Ke7 47. Rf5 Qd6 48. Kh3 h5 49. gxh5 g4+ 50. Kh4 Kd7 51. Qc1 Qb6 52. Ng5 Rf8 53. h6 g3 54. h7 g2 55. Kh3 a3 56. bxa3 Rh8 57. Kxg2 Rc8 58. Qxc8+ 1-0

[Event "CZE-chT2A 1718"]
[Site "Czech Republic"]
[Date "2018.04.08"]
[Round "11.2"]
[White "Smid, Miroslav"]
[Black "Toman, Ondrej"]
[Result "1/2-1/2"]
[WhiteElo "2254"]
[BlackElo "2205"]
[PlyCount "41"]
[EventDate "2017.10.15"]
[EventType "team-tourn"]
[EventRounds "11"]
[EventCountry "CZE"]
[SourceTitle "EXT 2022"]
[Source "ChessBase"]
[SourceDate "2021.10.06"]
[SourceVersion "1"]
[SourceVersionDate "2021.10.06"]
[SourceQuality "1"]
[WhiteTeam "Praha Bohemians II"]
[BlackTeam "Udlice"]
[WhiteTeamCountry "CZE"]
[BlackTeamCountry "CZE"]

1. c4 c5 2. Nc3 Nc6 3. g3 g6 4. Bg2 Bg7 5. e3 d6 6. Nge2 Bd7 7. 0-0 Qc8 8. Nf4 h5 9. h4 Nh6 10. b3 Bg4 11. Qc2 Bf5 12. d3 Nb4 13. Qd2 e5 14. Nb5 Qd7 15. Nd5 Nxd5 16. Bxd5 0-0 17. Bb2 Bh3 18. Bg2 Bf6 19. d4 Bxg2 20. Kxg2 Nf5 21. dxe5 1/2-1/2

[Event "CZE-chT1W 1718"]
[Site "Czech Republic"]
[Date "2018.03.25"]
[Round "10.1"]
[White "Smid, Miroslav"]
[Black "Petran, Peter"]
[Result "0-1"]
[WhiteElo "2254"]
[BlackElo "2330"]
[PlyCount "106"]
[EventDate "2017.10.29"]
[EventType "team-tourn"]
[EventRounds "11"]
[EventCountry "CZE"]
[SourceTitle "EXT 2019"]
[Source "ChessBase"]
[SourceDate "2018.10.10"]
[SourceVersion "1"]
[SourceVersionDate "2018.10.10"]
[SourceQuality "1"]
[WhiteTeam "Praha Bohemians"]
[BlackTeam "Vysehrad"]
[WhiteTeamCountry "CZE"]
[BlackTeamCountry "CZE"]

1. d4 g6 2. Nf3 Bg7 3. e3 d6 4. Bd3 Nf6 5. 0-0 0-0 6. Nbd2 Re8 7. c3 e5 8. dxe5 dxe5 9. Bc4 h6 10. Qb3 Qe7 11. a4 Nc6 12. a5 e4 13. Nd4 Ne5 14. a6 c5 15. axb7 Bxb7 16. Ne2 a5 17. Rd1 Red8 18. Ng3 Bc6 19. Be2 Bd5 20. Qc2 Qb7 21. c4 Bc6 22. Nb3 Rxd1+ 23. Qxd1 Qb6 24. Qc2 a4 25. Nd2 Qb7 26. Ra3 h5 27. h3 h4 28. Ngf1 Nd3 29. f4 Nxc1 30. Qxc1 Ne8 31. Ra2 Rb8 32. Qe1 Qe7 33. Qb1 Nd6 34. Bd1 Rb4 35. Qc1 Qb7 36. b3 axb3 37. Bxb3 Rxb3 38. Nxb3 Qxb3 39. Ra6 Qb7 40. Ra5 Qb6 41. Ra2 Nf5 42. Qd2 Bf8 43. Rb2 Qc7 44. Qc2 Qd8 45. Qf2 Qd3 46. Rb6 Bd7 47. Rb8 Be6 48. Qb2 Bxc4 49. Nd2 Qxe3+ 50. Kh1 Be6 51. Qe5 Qxd2 52. Qxc5 Qd1+ 53. Kh2 Qd6 0-1

[Event "CZE-chT1W 1617"]
[Site "Czech Republic"]
[Date "2017.02.05"]
[Round "7.4"]
[White "Smid, Miroslav"]
[Black "Richtrova, Eliska"]
[Result "1-0"]
[WhiteElo "2214"]
[BlackElo "2188"]
[PlyCount "89"]
[EventDate "2016.10.16"]
[EventType "team-tourn"]
[EventRounds "11"]
[EventCountry "CZE"]
[SourceTitle "CBM 177 Extra"]
[Source "ChessBase"]
[SourceDate "2017.04.27"]
[SourceVersion "1"]
[SourceVersionDate "2017.04.27"]
[SourceQuality "1"]
[WhiteTeam "Praha Bohemians"]
[BlackTeam "Ceske Budejovice"]
[WhiteTeamCountry "CZE"]
[BlackTeamCountry "CZE"]

1. c4 c5 2. g3 Nc6 3. Bg2 g6 4. e3 Bg7 5. Ne2 Nf6 6. 0-0 0-0 7. Nbc3 d6 8. d4 cxd4 9. Nxd4 Bd7 10. b3 a6 11. Bb2 Qa5 12. Qe2 Rab8 13. h3 e5 14. Nf3 Rfd8 15. Rfd1 Be8 16. Ng5 Ne7 17. Nce4 Nxe4 18. Nxe4 d5 19. cxd5 Nxd5 20. Qf3 Bc6 21. Qe2 h6 22. Qc4 Rbc8 23. Qc5 Qxc5 24. Nxc5 a5 25. Rac1 Nxe3 26. Rxd8+ Rxd8 27. Bxc6 Rd1+ 28. Rxd1 Nxd1 29. Nxb7 Nxb2 30. Nxa5 Bf8 31. Bd5 Bc5 32. Nb7 Bd4 33. Nd6 Nd3 34. Nxf7 Kg7 35. a4 Nxf2 36. Kg2 Nd1 37. Kf3 Ne3 38. Nxe5 Nxd5 39. Ke4 Bxe5 40. Kxe5 Nb4 41. Kd6 Kf6 42. a5 Na6 43. Kc6 Ke5 44. Kb6 Nb4 45. a6 1-0

[Event "Prague Pankrac Cup"]
[Site "Prague"]
[Date "2016.09.20"]
[Round "1"]
[White "Carlsson, Pontus"]
[Black "Smid, Miroslav"]
[Result "1-0"]
[WhiteElo "2436"]
[BlackElo "2214"]
[PlyCount "41"]
[EventDate "2016.09.20"]
[EventType "swiss"]
[EventRounds "8"]
[EventCountry "CZE"]
[SourceTitle "EXT 2017"]
[Source "ChessBase"]
[SourceDate "2016.10.25"]
[SourceVersion "1"]
[SourceVersionDate "2016.10.25"]
[SourceQuality "1"]

1. e4 d5 2. exd5 Qxd5 3. Nc3 Qa5 4. d4 Nf6 5. Nf3 c6 6. Bc4 Bf5 7. Bd2 e6 8. Nd5 Qd8 9. Nxf6+ Qxf6 10. Qe2 Bg4 11. 0-0-0 Bd6 12. d5 Bxf3 13. gxf3 cxd5 14. Bxd5 Nc6 15. Bc3 Qf4+ 16. Kb1 0-0 17. Bxc6 bxc6 18. Rd4 Qe5 19. Rg4 Qxe2 20. Rxg7+ Kh8 21. Rg8+ 1-0